Los nuevos movimientos religiosos en la Argentina

Guardat en:
Dades bibliogràfiques
Autor principal: Baamonde, José María (Autor)
Format: Llibre
Idioma:espanyol
Publicat: Buenos Aires Fundación S.P.E.S 1994
Edició:1a. ed
Col·lecció:Signum, 3
Matèries:
Etiquetes: Afegir etiqueta
Sense etiquetes, Sigues el primer a etiquetar aquest registre!

MARC

LEADER 00000nam a2200000 a 4500
001 UCK3684
003 CL-VaPUC
008 050506e19940000AG |||||||||||||||||spa|d
020 |a 9879076028 
082 0 4 |a 291.9  |b BAA  |2 21 
100 0 |a Baamonde, José María  |e author  |9 491914 
245 1 4 |a Los nuevos movimientos religiosos en la Argentina 
250 |a 1a. ed 
300 |a 16 p 
942 |c BK 
945 |d 20050506 00:00:00  |a cmena 
260 |a Buenos Aires  |b Fundación S.P.E.S  |c 1994 
650 7 |a SECTAS RELIGIOSAS  |2 CL-VaPUC  |9 491915 
650 0 |a Creencias religiosas   |9 373391 
651 0 |a Argentina  |9 254888 
583 |a last modification  |c 20050506 00:00:00  |k Rodrigo Vera 
490 0 |a Signum, 3 
999 |c 312802  |d 312800 
952 |0 0  |1 0  |4 0  |6 291_900000000000000_BAA_1994  |7 0  |8 A  |9 383636  |a BIBTEO  |b BIBTEO  |d 2019-11-21  |i 4118103  |o 291.9 BAA 1994  |p 4118103  |r 2024-01-18  |w 2019-11-21  |y BK  |k ICR